Największe miasto nad rzeką - Europa - Statystyki

Ogólne statystyki
  • Ten quiz został rozwiązany 14 razy
  • Średni wynik to 6 z 15
Statystyki odpowiedzi
Rzeka Miasto % Poprawnych
Dniepr Kijów
100%
Dunaj Wiedeń
100%
Wisła Warszawa
92%
Don Rostów nad Donem
67%
Łaba Hamburg
58%
Wołga Kazań
58%
Ren Kolonia
50%
Kama Perm
17%
Ural Orenburg
8%
Biełaja Ufa
8%
Doniec Biełgorod
0%
Desna Briańsk
0%
Oka Niżny Nowogród
0%
Peczora Peczora
0%
Dniestr Tyraspol
0%
Nie znaleziono quizów pasujących do podanych kryteriów
Rozkład punktacji
Procent ludzi z każdym wynikiem
Percentyl według liczby udzielonych odpowiedzi
Twoja historia wyników
Nie rozwiązałeś tego quizu